| 000 | 00430nam a2200181Ia 4500 | ||
|---|---|---|---|
| 003 | GCL | ||
| 008 | 140319s9999 xx 000 0 eng d | ||
| 040 |
_aGCL / _cGCL |
||
| 082 | 0 | 4 |
_a531.1 _bM M |
| 100 | 1 | _aMATHUR, O.S | |
| 245 | 1 | 0 |
_aMECHANICS / _cMATHUR, O.S |
| 260 |
_a[S.N] : _bS. CHAND & COMPANY LTD ، _c1993 |
||
| 300 | _a818 P | ||
| 650 | 0 | 4 | _aVISCOSITY |
| 650 | 0 | 4 | _aPHYSICS |
| 650 | 0 | 4 | _aMECHANICS |
| 942 |
_2ddc _cBK |
||
| 999 |
_c19760 _d19760 |
||